00856 2200277 4500001002100000005001700021008004100038035002400079082001000103090001700113100003100130245018100161250001200342260003700354300001900391650002200410700002900432700001900461700001500480700001400495700002000509850001500529980001300544985000600557999001500563YOGYA-0209000000815820090227021102.0 ind  0010-020900000008158 a297.2 a297.2bAlQ M aAL-QAHTHANI, Muhammad Said aMemurnikan Laa Ilaaha IllallahcMuhammad Said Al-Qahthani, Muhammad bin Abdul Wahab, Muhammad Qutb ; penyunting, Zeyd Amar, Iffa Karimah ; penerjemah, Abu Fahmi, Mohammad Hatta aCet. 10 aJakartabGema Insani Pressc1996 a162 hlmc18 cm aIman kepada Allah aMuhammad bin Abdul Wahab aQutb, Mohammad aAmar, Zeyd aAbu Fahmi aHatta, Mohammad aYOPDYOG(B) a05-04-19 a1 a96P0080338